| 000 -LEADER |
| fixed length control field |
02233cam a22004937a 4500 |
| 001 - CONTROL NUMBER |
| control field |
17503641 |
| 005 - DATE AND TIME OF LATEST TRANSACTION |
| control field |
20170105102915.0 |
| 008 - FIXED-LENGTH DATA ELEMENTS--GENERAL INFORMATION |
| fixed length control field |
120912s2012 enk b 001 0aeng d |
| 010 ## - LIBRARY OF CONGRESS CONTROL NUMBER |
| LC control number |
2012517170 |
| 015 ## - NATIONAL BIBLIOGRAPHY NUMBER |
| National bibliography number |
GBB249856 |
| Source |
bnb |
| 016 7# - NATIONAL BIBLIOGRAPHIC AGENCY CONTROL NUMBER |
| Record control number |
016090822 |
| Source |
Uk |
| 020 ## - INTERNATIONAL STANDARD BOOK NUMBER |
| International Standard Book Number |
9780745332765 (hbk.) |
| 020 ## - INTERNATIONAL STANDARD BOOK NUMBER |
| International Standard Book Number |
0745332765 (hbk.) |
| 020 ## - INTERNATIONAL STANDARD BOOK NUMBER |
| Canceled/invalid ISBN |
9781849647526 (PDF ebook) |
| 020 ## - INTERNATIONAL STANDARD BOOK NUMBER |
| Canceled/invalid ISBN |
1849647526 (PDF ebook) |
| 020 ## - INTERNATIONAL STANDARD BOOK NUMBER |
| Canceled/invalid ISBN |
9781849647540 (Kindle ebook) |
| 020 ## - INTERNATIONAL STANDARD BOOK NUMBER |
| Canceled/invalid ISBN |
1849647542 (Kindle ebook) |
| 020 ## - INTERNATIONAL STANDARD BOOK NUMBER |
| Canceled/invalid ISBN |
9781849647533 (ePub ebook) |
| 020 ## - INTERNATIONAL STANDARD BOOK NUMBER |
| Canceled/invalid ISBN |
1849647534 (ePub ebook) |
| 035 ## - SYSTEM CONTROL NUMBER |
| System control number |
(OCoLC)ocn794296309 |
| 040 ## - CATALOGING SOURCE |
| Original cataloging agency |
UKMGB |
| Language of cataloging |
eng |
| Transcribing agency |
UKMGB |
| Modifying agency |
BTCTA |
| -- |
OCLCO |
| -- |
YDXCP |
| -- |
YNK |
| -- |
CDX |
| -- |
BWX |
| -- |
DGU |
| -- |
OCLCO |
| -- |
NDD |
| -- |
IXA |
| -- |
VP@ |
| -- |
OBE |
| -- |
DLC |
| 042 ## - AUTHENTICATION CODE |
| Authentication code |
lccopycat |
| 043 ## - GEOGRAPHIC AREA CODE |
| Geographic area code |
e-uk--- |
| -- |
a-is--- |
| 050 00 - LIBRARY OF CONGRESS CALL NUMBER |
| Classification number |
DS135.E6 |
| Item number |
L376 2012 |
| 082 04 - DEWEY DECIMAL CLASSIFICATION NUMBER |
| Classification number |
956.9405092 |
| Edition number |
23 |
| 100 1# - MAIN ENTRY--PERSONAL NAME |
| Personal name |
Lerman, Antony. |
| 245 14 - TITLE STATEMENT |
| Title |
The making and unmaking of a Zionist : |
| Remainder of title |
a personal and political journey / |
| Statement of responsibility, etc. |
Antony Lerman. |
| 260 ## - PUBLICATION, DISTRIBUTION, ETC. |
| Place of publication, distribution, etc. |
London : |
| Name of publisher, distributor, etc. |
Pluto Press ; |
| Place of publication, distribution, etc. |
New York : |
| Name of publisher, distributor, etc. |
Distributed in the United States of America exclusively by Palgrave Macmillan, |
| Date of publication, distribution, etc. |
2012. |
| 300 ## - PHYSICAL DESCRIPTION |
| Extent |
xii, 228 p. ; |
| Dimensions |
24 cm. |
| 504 ## - BIBLIOGRAPHY, ETC. NOTE |
| Bibliography, etc. note |
Includes bibliographical references (p. 209-211) and index. |
| 505 0# - FORMATTED CONTENTS NOTE |
| Formatted contents note |
From Bourgeois to builder -- Sunrise over the Carmel -- Socialist Zionist -- 'It is no dream' -- Searching for myself -- Rocking the boat -- Political animal -- Darkening skies in Israel and Europe -- Shedding illusions -- Out of the frying pan, into the fire -- Character assassination and self-censorship -- 'Gunning for Lerman' -- Pressing on -- The sense of an ending -- Afterword. |
| 600 10 - SUBJECT ADDED ENTRY--PERSONAL NAME |
| Personal name |
Lerman, Antony. |
| 600 10 - SUBJECT ADDED ENTRY--PERSONAL NAME |
| Personal name |
Lerman, Antony |
| General subdivision |
Political and social views. |
| 650 #0 - SUBJECT ADDED ENTRY--TOPICAL TERM |
| Topical term or geographic name entry element |
Jews |
| Geographic subdivision |
Great Britain |
| Form subdivision |
Biography. |
| 650 #0 - SUBJECT ADDED ENTRY--TOPICAL TERM |
| Topical term or geographic name entry element |
Zionists |
| Geographic subdivision |
Great Britain |
| Form subdivision |
Biography. |
| 650 #0 - SUBJECT ADDED ENTRY--TOPICAL TERM |
| Topical term or geographic name entry element |
Jews |
| General subdivision |
Politics and government. |
| 650 #0 - SUBJECT ADDED ENTRY--TOPICAL TERM |
| Topical term or geographic name entry element |
Zionism. |
| 650 #0 - SUBJECT ADDED ENTRY--TOPICAL TERM |
| Topical term or geographic name entry element |
Arab-Israeli conflict |
| General subdivision |
Social aspects. |
| 651 #0 - SUBJECT ADDED ENTRY--GEOGRAPHIC NAME |
| Geographic name |
Israel |
| General subdivision |
Politics and government |
| Chronological subdivision |
1967-1993. |
| 651 #0 - SUBJECT ADDED ENTRY--GEOGRAPHIC NAME |
| Geographic name |
Israel |
| General subdivision |
Politics and government |
| Chronological subdivision |
1993- |
| 906 ## - LOCAL DATA ELEMENT F, LDF (RLIN) |
| a |
7 |
| b |
cbc |
| c |
copycat |
| d |
2 |
| e |
ncip |
| f |
20 |
| g |
y-gencatlg |
| 942 ## - ADDED ENTRY ELEMENTS (KOHA) |
| Source of classification or shelving scheme |
|
| Koha item type |
Book |